Representation of Places Reality and Realism in City Design (Record no. 5755)

000 -LEADER
fixed length control field 00307nam a2200109Ia 4500
008 - FIXED-LENGTH DATA ELEMENTS--GENERAL INFORMATION
fixed length control field 200302s9999 xx 000 0 und d
100 ## - MAIN ENTRY--PERSONAL NAME
Personal name Peter Bosselmann
245 ## - TITLE STATEMENT
Title Representation of Places Reality and Realism in City Design
260 ## - PUBLICATION, DISTRIBUTION, ETC.
Name of publisher, distributor, etc. University of California Press
260 ## - PUBLICATION, DISTRIBUTION, ETC.
Date of publication, distribution, etc. 1998
300 ## - PHYSICAL DESCRIPTION
Extent 228 P.,
Holdings
Withdrawn status Lost status Damaged status Not for loan Permanent Location Current Location Date acquired Cost, normal purchase price Full call number Barcode Date last seen Price effective from Koha item type Source of classification or shelving scheme
        BMS College of Architecture, Design and Planning BMS College of Architecture, Design and Planning 2020-03-03 2634.50 711.4 CL-PG56325 2020-03-03 2020-03-03 PG Books from CL  
        BMS College of Architecture, Design and Planning BMS College of Architecture, Design and Planning 2021-01-12   711.4BOS AR-PG387 2022-04-18 2021-01-12 PG Books  
Copyright © 2025, The Librarian, Library and Information Centre, BMSCA D&P, Bengaluru. All Rights Reserved
web counter

Powered by Koha